[Event "Tournoi Skype 027A"]
[Site "Skype"]
[Date "????.??.??"]
[Round "1.32"]
[White "Pouteau, Pascal"]
[Black "Khetre, Gaurav"]
[Result "1-0"]
[WhiteElo "1454"]
[BlackElo "1642"]
[PlyCount "49"]

1. d4 d5 2. Nf3 Nf6 3. Bf4 e6 4. e3 Bd6 5. Bg3 b6 6. Bd3 Bb7 7. Ne5 O-O 8. Nd2
c5 9. c3 Qe7 10. O-O Nbd7 11. f4 Rac8 12. Bh4 Rfd8 13. Rf3 Nf8 14. Rh3 Ng6 15.
Nxg6 hxg6 16. Qf3 cxd4 17. cxd4 Rd7 18. Qf2 Rdc7 19. Nb3 a5 20. a4 Ng4 21. Qg3
Nf6 22. Bg5 Qd7 23. Bxf6 gxf6 24. Qh4 Kf8 25. Qxf6 1-0

[Event "Tournoi Skype 027A"]
[Site "Skype"]
[Date "????.??.??"]
[Round "1.33"]
[White "Guillaume, Mickael"]
[Black "Chavero, Victor"]
[Result "1-0"]
[WhiteElo "1637"]
[BlackElo "1448"]
[PlyCount "37"]

1. e4 d5 2. exd5 Qxd5 3. Nc3 Qd6 4. Be2 Nf6 5. Nf3 c6 6. O-O Bf5 7. Nh4 Bg6 8.
d4 Nbd7 9. f4 e6 10. f5 exf5 11. Nxf5 Bxf5 12. Rxf5 O-O-O 13. Bf4 Qb4 14. a3
Qe7 15. Ra5 a6 16. Rxa6 Nb8 17. Ra8 Nfd7 18. Bg4 Qf6 19. Rxb8# 1-0

[Event "Tournoi Skype 027A"]
[Site "Skype"]
[Date "????.??.??"]
[Round "1.34"]
[White "Santos, Joselito"]
[Black "Lovell, Stan"]
[Result "0-1"]
[WhiteElo "1428"]
[BlackElo "1634"]
[PlyCount "102"]

1. d4 Nf6 2. Nf3 e6 3. Bf4 c5 4. c3 cxd4 5. cxd4 Bb4+ 6. Nbd2 O-O 7. e3 Nc6 8.
Bd3 d5 9. Qc2 Bd6 10. Bg3 Nb4 11. Bxh7+ Nxh7 12. Qb3 Nc6 13. O-O Qe7 14. a3 Na5
15. Bxd6 Qxd6 16. Qb4 Qxb4 17. axb4 Nc4 18. b3 Nxd2 19. Nxd2 Bd7 20. Rfc1 Rfc8
21. f4 Rxc1+ 22. Rxc1 Rc8 23. Rc5 Nf6 24. h3 b6 25. Rxc8+ Bxc8 26. Kf2 Ne4+ 27.
Nxe4 dxe4 28. h4 Ba6 29. Ke1 Kh7 30. g4 Bd3 31. Kd2 f6 32. f5 exf5 33. gxf5 Bf1
34. d5 Bh3 35. d6 Bxf5 36. Kc3 Kg8 37. Kc4 Bd7 38. Kd5 Kf7 39. Kxe4 Ke6 40. Kd4
Kxd6 41. e4 Be6 42. Kc3 Ke5 43. b5 Kxe4 44. b4 f5 45. h5 f4 46. h6 gxh6 47. Kb2
f3 48. Ka3 f2 49. Kb2 f1=Q 50. Ka3 Qc1+ 51. Ka4 Qa1# 0-1

[Event "Tournoi Skype 027A"]
[Site "Skype"]
[Date "????.??.??"]
[Round "1.35"]
[White "Yeter, Orhan"]
[Black "Escudero Ocana, Francisco"]
[Result "1-0"]
[WhiteElo "1632"]
[BlackElo "1414"]
[PlyCount "97"]

1. e4 e5 2. Nf3 d6 3. d4 exd4 4. Nxd4 c5 5. Nf3 Bg4 6. Bb5+ Nc6 7. O-O Nf6 8.
e5 Bxf3 9. Qxf3 dxe5 10. Bxc6+ bxc6 11. Qxc6+ Nd7 12. Rd1 Rc8 13. Qd5 Qc7 14.
Nc3 Nf6 15. Qf3 Be7 16. Bg5 O-O 17. Bxf6 Bxf6 18. Nd5 Qd6 19. Nxf6+ Qxf6 20.
Qxf6 gxf6 21. Rd7 a6 22. Rad1 Rc6 23. R1d6 Rxd6 24. Rxd6 Kg7 25. Rxa6 Rd8 26.
Kf1 Rd2 27. Rb6 Rxc2 28. a4 Rc1+ 29. Ke2 Ra1 30. b3 c4 31. bxc4 Rxa4 32. c5 Rc4
33. c6 e4 34. Ke3 f5 35. Kf4 Kg6 36. c7+ f6 37. Rb7 h5 38. h4 Rc3 39. Ra7 Rc4
40. Ke3 f4+ 41. Kxf4 Rc3 42. Rb7 Rc2 43. Ke3 Rc4 44. g3 Kf5 45. f3 Rc5 46. Rb5
exf3 47. Rxc5+ Kg4 48. c8=Q+ f5 49. Qxf5+ 1-0

[Event "Tournoi Skype 027A"]
[Site "Skype"]
[Date "????.??.??"]
[Round "1.36"]
[White "L'Herbon De Lussats, Jean"]
[Black "Perrone, Gabriel Lorenzo"]
[Result "0-1"]
[WhiteElo "1413"]
[BlackElo "1628"]
[PlyCount "104"]

1. e4 c5 2. c3 d6 3. d4 Nf6 4. Bd3 Nc6 5. Nf3 g6 6. d5 Ne5 7. Nxe5 dxe5 8. Nd2
Bg7 9. Nf3 e6 10. c4 O-O 11. O-O a6 12. Bg5 Qc7 13. Qd2 Bd7 14. Rfd1 b5 15. b3
Rfe8 16. Bc2 exd5 17. cxd5 Rac8 18. Rac1 Qd6 19. Qe2 c4 20. bxc4 Rxc4 21. Bxf6
Bxf6 22. Bb3 Rxc1 23. Rxc1 Rc8 24. Rc2 Bg7 25. Qe3 Qa3 26. Ne1 a5 27. Rxc8+
Bxc8 28. Qb6 Qc1 29. Kf1 a4 30. Bc2 Bf8 31. Qxb5 Qd2 32. Qxa4 Bb4 33. Nd3 Ba6
34. Qe8+ Kg7 35. Qxe5+ Kh6 36. g4 Qxc2 37. Qf4+ Kg7 38. Qe5+ Kg8 39. Qe8+ Bf8
40. Kg2 Bxd3 41. d6 Bxe4+ 42. Kg3 Qd3+ 43. Kf4 Qxd6+ 44. Kxe4 Qe7+ 45. Qxe7
Bxe7 46. a4 Bb4 47. h3 Kg7 48. g5 f5+ 49. gxf6+ Kxf6 50. h4 h6 51. Kf3 Kf5 52.
Kg3 Be1 0-1

[Event "Tournoi Skype 027A"]
[Site "Skype"]
[Date "????.??.??"]
[Round "1.37"]
[White "Teles, Jeferson Lisboa"]
[Black "Morelli, Daniel"]
[Result "1-0"]
[WhiteElo "1622"]
[BlackElo "1409"]
[PlyCount "36"]

1. e4 e5 2. Nf3 Nc6 3. Bc4 Nd4 4. O-O d6 5. c3 Nc6 6. d4 Bg4 7. Bxf7+ Kxf7 8.
Ng5+ Ke8 9. Qxg4 Nf6 10. Qe6+ Qe7 11. dxe5 Nxe5 12. Qb3 b6 13. Ne6 Qf7 14. Bf4
Nh5 15. Bxe5 dxe5 16. Qb5+ Ke7 17. Nxc7 Rc8 18. Qxe5+ Qe6 1-0

[Event "Tournoi Skype 027A"]
[Site "Skype"]
[Date "????.??.??"]
[Round "1.38"]
[White "Bankhede, Shivkumar"]
[Black "Rajpurohit, Dinesh"]
[Result "1-0"]
[WhiteElo "1388"]
[BlackElo "1613"]
[PlyCount "83"]

1. d4 e6 2. c4 Nf6 3. Nf3 d5 4. e3 c5 5. Nc3 cxd4 6. Nxd4 Bc5 7. Be2 O-O 8. O-O
Nc6 9. Nf3 d4 10. exd4 Nxd4 11. Nxd4 Bxd4 12. Nb5 Bb6 13. Qxd8 Rxd8 14. Bf4 a6
15. Nd6 Bc5 16. Nxc8 Raxc8 17. b3 Ne4 18. Be3 Bxe3 19. fxe3 Rd2 20. Bf3 Nc5 21.
h3 e5 22. Rfd1 Rcd8 23. b4 e4 24. Rxd2 Rxd2 25. bxc5 exf3 26. gxf3 Rc2 27. Rb1
Rxc4 28. Rxb7 g6 29. Ra7 Rc1+ 30. Kf2 Rc2+ 31. Kg3 Rxa2 32. c6 Kg7 33. Kf4 Ra5
34. c7 Rc5 35. Ke4 Kf6 36. Kd4 Rc2 37. Kd5 Rd2+ 38. Kc6 Rc2+ 39. Kd7 Rd2+ 40.
Ke8 Rc2 41. Rxa6+ Kg7 42. Kd7 1-0

[Event "Tournoi Skype 027A"]
[Site "Skype"]
[Date "????.??.??"]
[Round "1.39"]
[White "Couto, Januario"]
[Black "Mantelli, Luca"]
[Result "1-0"]
[WhiteElo "1612"]
[BlackElo "1388"]
[PlyCount "105"]

1. e4 e5 2. Nf3 Nc6 3. Bb5 a6 4. Ba4 Nf6 5. O-O Be7 6. d3 b5 7. Bb3 d6 8. c3
O-O 9. h3 h6 10. Be3 Re8 11. Nbd2 Bf8 12. Re1 Bd7 13. Nf1 g6 14. Qd2 Kh7 15.
Bxf7 Re7 16. Bb3 Nh5 17. d4 exd4 18. Bxd4 Nxd4 19. Nxd4 Qe8 20. f3 Bg7 21. Rad1
Qf8 22. Ne2 Be6 23. Bxe6 Rxe6 24. Nfg3 Nxg3 25. Nxg3 Qf7 26. Qd5 Rb8 27. Re2
Re7 28. Qxf7 Rxf7 29. Red2 Be5 30. Kf2 a5 31. Ne2 Kg7 32. Nd4 Kf8 33. Nc6 Re8
34. Nxa5 Ra8 35. Nc6 Bg7 36. a3 Ra6 37. Nd4 c5 38. Nxb5 Ke7 39. Nxd6 Rf6 40.
Nc8+ Ke6 41. Rd6+ Rxd6 42. Nxd6 Ke7 43. Nc8+ Ke8 44. Nd6+ Ke7 45. Nb5 Rb6 46.
a4 g5 47. Rd2 h5 48. c4 Bh6 49. Rd5 Rc6 50. b3 Kf6 51. Rd6+ Rxd6 52. Nxd6 Ke7
53. Nf5+ 1-0

[Event "Tournoi Skype 027A"]
[Site "Skype"]
[Date "????.??.??"]
[Round "2.1"]
[White "Siret, Bernard"]
[Black "Bautista, Leidy"]
[Result "1-0"]
[WhiteElo "2106"]
[BlackElo "1683"]
[PlyCount "55"]

1. d4 d5 2. e4 dxe4 3. Nc3 Nf6 4. f3 e5 5. dxe5 Qxd1+ 6. Kxd1 Nfd7 7. Nd5 Kd8
8. Bg5+ f6 9. exf6 gxf6 10. Nxf6 Be7 11. Nxe4 Nc6 12. Ne2 b6 13. N2c3 h6 14.
Bf4 Bb7 15. Kd2 Nf6 16. Rd1 Nxe4+ 17. Nxe4 Kc8 18. Kc1 Nb4 19. Nc3 Bg5 20. Bxg5
hxg5 21. a3 Nc6 22. Ne4 Rg8 23. h3 Ne7 24. Bc4 Rg7 25. Rhe1 Bxe4 26. Rxe4 c6
27. Be6+ Kc7 28. Rd7+ 1-0

[Event "Tournoi Skype 027A"]
[Site "Skype"]
[Date "????.??.??"]
[Round "2.2"]
[White "Figueroa, Tomas"]
[Black "Sepulveda, Lyda Marcela"]
[Result "1-0"]
[WhiteElo "2093"]
[BlackElo "1672"]
[PlyCount "77"]

1. d4 d5 2. Nf3 e6 3. c4 Nf6 4. Nc3 Nbd7 5. Bg5 Be7 6. Qc2 c6 7. e3 O-O 8.
O-O-O dxc4 9. Bxc4 b5 10. Bd3 a5 11. Ne5 Qb6 12. Nxd7 Bxd7 13. Bxf6 Bxf6 14.
Bxh7+ Kh8 15. Ne4 Be7 16. Nc5 Rfd8 17. Be4 Rac8 18. Kb1 a4 19. f4 Rc7 20. f5 e5
21. Qe2 f6 22. Qh5+ Kg8 23. Ne6 Be8 24. Qg4 Bb4 25. Nxd8 exd4 26. Rxd4 Bc5 27.
Ne6 Bxd4 28. exd4 Re7 29. d5 a3 30. d6 Qf2 31. bxa3 Ra7 32. Rc1 b4 33. Qf3 Qd2
34. Rd1 Qh6 35. axb4 Bd7 36. Qb3 Kh7 37. g4 Bxe6 38. fxe6+ Kg8 39. e7+ 1-0

[Event "Tournoi Skype 027A"]
[Site "Skype"]
[Date "????.??.??"]
[Round "2.3"]
[White "Calderon, Francisco"]
[Black "Benson, Paul"]
[Result "0-1"]
[WhiteElo "1683"]
[BlackElo "2080"]
[PlyCount "54"]

1. e4 c5 2. Nf3 g6 3. Bc4 Bg7 4. c3 Nc6 5. a3 e6 6. d3 Nge7 7. Bg5 h6 8. Be3 b6
9. Nbd2 O-O 10. Nf1 d5 11. exd5 exd5 12. Bb5 d4 13. cxd4 cxd4 14. Bd2 a6 15.
Bc4 Nf5 16. Ng3 Re8+ 17. Kf1 Nd6 18. Bd5 Bb7 19. Qc1 Rc8 20. Bxh6 Ne5 21. Bxf7+
Nexf7 22. Qf4 Nxh6 23. h4 Qf6 24. Qd2 Bxf3 25. gxf3 Qxf3 26. Rg1 Ng4 27. Ne2
Qxf2# 0-1

[Event "Tournoi Skype 027A"]
[Site "Skype"]
[Date "????.??.??"]
[Round "2.4"]
[White "Lopez, Jose Luis"]
[Black "Aravena, Alvaro"]
[Result "1-0"]
[WhiteElo "1951"]
[BlackElo "1658"]
[PlyCount "67"]

1. e4 e6 2. d4 d5 3. Nc3 Nf6 4. e5 Nfd7 5. f4 c5 6. Nf3 Nc6 7. Be3 Be7 8. Qd2
a6 9. Bd3 Qb6 10. Na4 Qa7 11. dxc5 Nxc5 12. Nxc5 Bxc5 13. Bxc5 Qxc5 14. c3 Bd7
15. Qf2 Qa5 16. O-O b5 17. a3 Qd8 18. Rae1 h6 19. f5 exf5 20. e6 fxe6 21. Bxf5
Qf6 22. Bxe6 O-O-O 23. Bxd5 Rhe8 24. Qb6 Rxe1 25. Rxe1 Rf8 26. Qxa6+ Kc7 27.
Qxb5 Rb8 28. Qe2 Re8 29. Qf2 Rf8 30. Qc5 g5 31. Re6 Bxe6 32. Qxc6+ Kd8 33. Bxe6
Qe7 34. Qc8# 1-0

[Event "Tournoi Skype 027A"]
[Site "Skype"]
[Date "????.??.??"]
[Round "2.5"]
[White "Casey, Eamonn"]
[Black "Ibarra Cantu, Raul Alberto"]
[Result "0-1"]
[WhiteElo "1671"]
[BlackElo "1923"]
[PlyCount "62"]

1. d4 Nf6 2. c4 g6 3. Nc3 Bg7 4. e4 d6 5. Be2 O-O 6. Nf3 e5 7. dxe5 dxe5 8.
Qxd8 Rxd8 9. Nxe5 Nxe4 10. Nxe4 Bxe5 11. Bg5 Rf8 12. Bf6 Bxf6 13. Nxf6+ Kg7 14.
Nd5 Na6 15. O-O-O c6 16. Nc3 Be6 17. Rhe1 Rad8 18. Rxd8 Rxd8 19. Rd1 Rxd1+ 20.
Kxd1 f5 21. f4 Kf6 22. h4 Ke7 23. Kd2 Kd6 24. a3 Kc5 25. b4+ Kd4 26. c5 Nc7 27.
Bf3 Nd5 28. Bxd5 Bxd5 29. g3 h5 30. Ne2+ Kc4 31. Nc1 Be4 0-1

[Event "Tournoi Skype 027A"]
[Site "Skype"]
[Date "????.??.??"]
[Round "2.7"]
[White "Khunte, Aniruddha"]
[Black "Rico Hernandez, Edgar"]
[Result "1/2-1/2"]
[WhiteElo "1652"]
[BlackElo "1882"]
[PlyCount "55"]

1. e4 c6 2. d4 d5 3. Nc3 dxe4 4. Nxe4 Bf5 5. Ng3 Bg6 6. h4 h6 7. h5 Bh7 8. Nf3
Nd7 9. Bd3 Bxd3 10. Qxd3 e6 11. Bf4 Qa5+ 12. Bd2 Qc7 13. Qe2 O-O-O 14. O-O-O
Ngf6 15. Ne4 Nxe4 16. Qxe4 Nf6 17. Qe5 Bd6 18. Qa5 a6 19. Qxc7+ Kxc7 20. Ne5
Bxe5 21. dxe5 Ng4 22. Bc3 Nxf2 23. Rxd8 Rxd8 24. Rf1 Ne4 25. Rxf7+ Rd7 26. Ba5+
b6 27. Bxb6+ Kc8 28. Rxd7 1/2-1/2

[Event "Tournoi Skype 027A"]
[Site "Skype"]
[Date "????.??.??"]
[Round "2.8"]
[White "Rapaire, Jean-Michel"]
[Black "Guillaume, Mickael"]
[Result "1-0"]
[WhiteElo "1880"]
[BlackElo "1637"]
[PlyCount "107"]

1. e4 b6 2. d4 e6 3. Nf3 d6 4. Bd3 Nf6 5. O-O Qd7 6. c4 Nc6 7. a3 Be7 8. Nc3
O-O 9. Qc2 Rd8 10. b4 a6 11. Bb2 Ng4 12. h3 Nf6 13. Rad1 Nh5 14. Bc1 g6 15.
Rfe1 Bf6 16. Be3 e5 17. d5 Ne7 18. Qd2 Kh8 19. Be2 Ng8 20. Nh2 Qe7 21. Bg4 Bxg4
22. Nxg4 Bg7 23. Ne2 f6 24. Rc1 Rac8 25. c5 bxc5 26. bxc5 Rb8 27. c6 g5 28. Rb1
h6 29. Qa5 Ra8 30. Rb7 Rdc8 31. Reb1 Qd8 32. g3 Kh7 33. Ra7 Rxa7 34. Bxa7 Ra8
35. Rb7 Rc8 36. Ne3 Bh8 37. Nc1 Ng7 38. Nd3 Ne8 39. Nf5 h5 40. Nb4 Nh6 41. Nxh6
Kxh6 42. Nxa6 Kg6 43. Nb8 f5 44. Qb4 Qf6 45. Nd7 Qf7 46. Bb8 fxe4 47. Qxe4+ Qf5
48. Qxf5+ Kxf5 49. a4 e4 50. a5 Bd4 51. a6 e3 52. fxe3 Bxe3+ 53. Kf1 Ke4 54.
Rb5 1-0

[Event "Tournoi Skype 027A"]
[Site "Skype"]
[Date "????.??.??"]
[Round "2.9"]
[White "Lovell, Stan"]
[Black "Khabou, Taha"]
[Result "0-1"]
[WhiteElo "1634"]
[BlackElo "1875"]
[PlyCount "64"]

1. d4 e6 2. Nf3 d5 3. Bf4 c5 4. e3 Qb6 5. Qc1 Nc6 6. c3 Nf6 7. Be2 Nh5 8. Bg5
h6 9. Bh4 g5 10. Ne5 Nxe5 11. dxe5 gxh4 12. Bxh5 Bg7 13. f4 c4 14. Na3 Rg8 15.
Nc2 Bf8 16. Rg1 Bd7 17. Nd4 Qc7 18. h3 b5 19. Qc2 Rg7 20. Qf2 b4 21. Ne2 Be7
22. Kf1 bxc3 23. Nxc3 Rb8 24. Qd2 Qb6 25. Rb1 Bc5 26. Ke2 d4 27. Nd1 c3 28. Qc1
c2 29. Qxc2 d3+ 30. Kxd3 Bb5+ 31. Kd2 Bxe3+ 32. Nxe3 Qd4+ 0-1

[Event "Tournoi Skype 027A"]
[Site "Skype"]
[Date "????.??.??"]
[Round "2.10"]
[White "Grosso, Raul"]
[Black "Yeter, Orhan"]
[Result "1-0"]
[WhiteElo "1851"]
[BlackElo "1632"]
[PlyCount "75"]

1. d4 d5 2. Nf3 Nc6 3. Bf4 Nf6 4. e3 Bg4 5. h3 Bxf3 6. Qxf3 e6 7. c3 Bd6 8. Bg5
h6 9. Bxf6 Qxf6 10. Nd2 O-O-O 11. Bb5 Qxf3 12. Nxf3 Ne7 13. Bd3 f5 14. O-O-O
Rhf8 15. h4 Ng8 16. Ne5 Nf6 17. Ng6 Rf7 18. f3 Nh5 19. Rh3 Rf6 20. Ne5 Bxe5 21.
dxe5 Rff8 22. g4 fxg4 23. fxg4 Nf4 24. exf4 Rxf4 25. g5 hxg5 26. hxg5 Rg4 27.
g6 Rg5 28. Re1 d4 29. c4 Rf8 30. Rh7 Rg3 31. Kd2 Rf2+ 32. Re2 Rxe2+ 33. Kxe2
Re3+ 34. Kd2 Rxe5 35. Rxg7 Rg5 36. Be4 e5 37. Rf7 b6 38. g7 1-0

[Event "Tournoi Skype 027A"]
[Site "Skype"]
[Date "????.??.??"]
[Round "2.11"]
[White "Pena, Eduin"]
[Black "Teles, Jeferson Lisboa"]
[Result "1-0"]
[WhiteElo "1833"]
[BlackElo "1622"]
[PlyCount "133"]

1. d4 d5 2. c4 e6 3. Nf3 Nf6 4. Bg5 Be7 5. Nc3 h6 6. Bh4 O-O 7. e3 b6 8. cxd5
exd5 9. Bd3 Re8 10. O-O Bg4 11. Rc1 Nbd7 12. Nb5 c5 13. dxc5 Nxc5 14. Be2 Nfe4
15. Bxe7 Rxe7 16. Nfd4 Bxe2 17. Qxe2 Qd7 18. b4 a6 19. bxc5 bxc5 20. Nb3 axb5
21. Nxc5 Nxc5 22. Rxc5 d4 23. Rd1 Ra3 24. Qb2 Qa7 25. Qxd4 Rxa2 26. Rxb5 Qxd4
27. exd4 Ree2 28. Rf5 g6 29. Rf4 Rad2 30. Rc1 Rc2 31. Kf1 Rxf2+ 32. Rxf2 Rxc1+
33. Ke2 Rc2+ 34. Ke3 Rxf2 35. Kxf2 Kf8 36. Ke3 Ke7 37. Kf4 Kd6 38. Ke4 f5+ 39.
Ke3 Kd5 40. h3 g5 41. g3 h5 42. h4 g4 43. Kd3 f4 44. gxf4 g3 45. Ke3 g2 46. Kf2
g1=Q+ 47. Kxg1 Kxd4 48. Kf2 Ke4 49. Kg3 Kf5 50. Kf3 Kg6 51. Ke4 Kf6 52. f5 Ke7
53. Ke5 Kf7 54. f6 Kg8 55. Kf5 Kf8 56. Kg6 Kg8 57. Kxh5 Kh7 58. Kg5 Kg8 59. Kg6
Kh8 60. Kf7 Kh7 61. Ke8 Kg8 62. f7+ Kh7 63. f8=Q Kg6 64. h5+ Kh7 65. Qf7+ Kh8
66. Qf6+ Kg8 67. h6 1-0

[Event "Tournoi Skype 027A"]
[Site "Skype"]
[Date "????.??.??"]
[Round "2.12"]
[White "Perrone, Gabriel Lorenzo"]
[Black "Karia, Vijay"]
[Result "0-1"]
[WhiteElo "1628"]
[BlackElo "1800"]
[PlyCount "116"]

1. d4 d5 2. c4 c6 3. Nf3 Nf6 4. Nc3 Nbd7 5. Bg5 Qa5 6. Bh4 e6 7. e3 Bb4 8. Bd3
dxc4 9. Bc2 Nd5 10. O-O Nxc3 11. bxc3 Bxc3 12. Rc1 b5 13. a4 b4 14. Qe2 Ba6 15.
Be4 Qxa4 16. Bg3 Nf6 17. Bb1 Nd5 18. Be5 O-O 19. e4 Ne7 20. Bd6 Rfe8 21. Ba2
Qb5 22. Ne5 b3 23. Rxc3 bxa2 24. Qxa2 Qb7 25. Rb1 Bb5 26. Qb2 Rad8 27. Bxe7
Qxe7 28. Qb4 Rxd4 29. Qxe7 Rxe7 30. f3 f6 31. Ng4 Red7 32. Nf2 a5 33. Kf1 a4
34. Ke1 Rd2 35. Rd1 Rxd1+ 36. Nxd1 Rd3 37. Rc2 a3 38. Nc3 Kf7 39. Na2 Rb3 40.
Kd2 Rd3+ 41. Kc1 Ba4 42. Rd2 Rxd2 43. Kxd2 Bb3 44. Nc3 a2 45. Nxa2 Bxa2 46. Kc3
Ke7 47. Kb2 Bb3 48. Kc3 Kd6 49. Kd4 c5+ 50. Kc3 Ke5 51. g3 g5 52. h3 h5 53. Kd2
f5 54. exf5 exf5 55. Ke3 c3 56. f4+ gxf4+ 57. gxf4+ Kd5 58. Kd3 c2 0-1

[Event "Tournoi Skype 027A"]
[Site "Skype"]
[Date "????.??.??"]
[Round "2.13"]
[White "Couto, Januario"]
[Black "Martinez Quintero, Javier"]
[Result "0-1"]
[WhiteElo "1612"]
[BlackElo "1773"]
[PlyCount "108"]

1. e4 c5 2. c3 d5 3. e5 d4 4. cxd4 cxd4 5. Nf3 Nc6 6. Bb5 Qa5 7. Qa4 Qxa4 8.
Bxa4 Bd7 9. O-O Nxe5 10. Bxd7+ Nxd7 11. Nxd4 a6 12. Nc3 e6 13. a3 Bd6 14. Ne4
Bc7 15. Nf3 Ngf6 16. d3 O-O 17. b4 Ne5 18. Nxf6+ gxf6 19. Nxe5 Bxe5 20. Bh6
Bxa1 21. Bxf8 Bb2 22. Be7 Re8 23. Bc5 Bxa3 24. g3 a5 25. Rb1 Bxb4 26. Bxb4 axb4
27. Rxb4 Re7 28. d4 Rd7 29. Kg2 e5 30. d5 Kf8 31. Rh4 Kg7 32. Rb4 f5 33. Rb5 e4
34. d6 Kf6 35. Rb6 Ke5 36. f3 Rxd6 37. f4+ Ke6 38. Rxb7 Rd2+ 39. Kg1 e3 40.
Rb6+ Ke7 41. Rb5 Kf6 42. Re5 e2 43. Kf2 e1=Q+ 44. Kxe1 Rxh2 45. Re2 Rxe2+ 46.
Kxe2 Kg6 47. Kf3 Kh5 48. Kg2 Kg4 49. Kh2 Kf3 50. Kh3 f6 51. Kh2 Kf2 52. Kh3 h5
53. Kh4 Kg2 54. Kxh5 Kxg3 0-1

[Event "Tournoi Skype 027A"]
[Site "Skype"]
[Date "????.??.??"]
[Round "2.14"]
[White "Legueltel, Daniel"]
[Black "Junqueira, Leonardo De Faria"]
[Result "1-0"]
[WhiteElo "1747"]
[BlackElo "1541"]
[PlyCount "69"]

1. e4 e6 2. d4 g6 3. f4 Bg7 4. Nf3 b6 5. c4 Bb7 6. Nc3 Ne7 7. Bd3 Nbc6 8. Be3
d6 9. Rc1 Nb4 10. Bb1 c5 11. a3 Na6 12. d5 exd5 13. exd5 Bc8 14. O-O Nc7 15.
Qe2 O-O 16. Ne4 Nf5 17. Bf2 Re8 18. Qd2 Ba6 19. g4 Nd4 20. Nxd4 cxd4 21. Bxd4
Bc8 22. Bxg7 Kxg7 23. Qc3+ f6 24. g5 Rxe4 25. Bxe4 Ne8 26. Rce1 Bd7 27. f5 gxf5
28. Bxf5 Qc8 29. Re7+ Kf8 30. Rxd7 Qc5+ 31. Kg2 Rc8 32. Bd3 Qxd5+ 33. Rf3 Qxg5+
34. Rg3 Qf4 35. Rxh7 1-0

[Event "Tournoi Skype 027A"]
[Site "Skype"]
[Date "????.??.??"]
[Round "2.15"]
[White "Trivedi, Viral"]
[Black "Engstrom, Olle"]
[Result "1/2-1/2"]
[WhiteElo "1535"]
[BlackElo "1723"]
[PlyCount "37"]

1. d4 g6 2. Bf4 d6 3. Nf3 Bg7 4. e3 c5 5. c3 cxd4 6. exd4 Nf6 7. Be2 O-O 8. O-O
Nbd7 9. Nbd2 Re8 10. Re1 Nf8 11. Ng5 Ne6 12. Nxe6 Bxe6 13. Bb5 Bd7 14. Bc4 a6
15. Qb3 d5 16. Bd3 Bc6 17. Nf3 Nh5 18. Bd2 Nf6 19. Ne5 1/2-1/2

[Event "Tournoi Skype 027A"]
[Site "Skype"]
[Date "????.??.??"]
[Round "2.16"]
[White "Perez, Luis Horacio"]
[Black "Montalvo, Mario"]
[Result "0-1"]
[WhiteElo "1327"]
[BlackElo "1707"]
[PlyCount "46"]

1. Nf3 Nf6 2. e3 b6 3. Bc4 Bb7 4. b3 g6 5. Bb2 Bg7 6. d3 d5 7. Nc3 dxc4 8. dxc4
Qxd1+ 9. Nxd1 O-O 10. O-O Ne4 11. Bxg7 Kxg7 12. c3 Nd7 13. Nb2 Nxc3 14. Rfe1
Nc5 15. Ne5 Rfd8 16. f3 Rd2 17. Na4 N5xa4 18. bxa4 Rad8 19. Rac1 Ne2+ 20. Rxe2
Rxe2 21. Kf1 Rdd2 22. Nd3 Rxg2 23. Ne1 Rdf2# 0-1

[Event "Tournoi Skype 027A"]
[Site "Skype"]
[Date "????.??.??"]
[Round "2.17"]
[White "Prasath, Malola"]
[Black "Bankhede, Shivkumar"]
[Result "1-0"]
[WhiteElo "2035"]
[BlackElo "1388"]
[PlyCount "37"]

1. e4 e5 2. Nf3 Nc6 3. Bc4 h6 4. d4 d6 5. O-O Nf6 6. c3 Nxe4 7. dxe5 Bg4 8. Re1
Bf5 9. exd6 Bxd6 10. Qd5 Qf6 11. Nbd2 Ne7 12. Nxe4 Qe6 13. Nxd6+ Qxd6 14. Qxf7+
Kd8 15. Bf4 Qc6 16. Qxe7+ Kc8 17. Rad1 Qxc4 18. Qe8+ Rxe8 19. Rxe8# 1-0

[Event "Tournoi Skype 027A"]
[Site "Skype"]
[Date "????.??.??"]
[Round "2.18"]
[White "Mulrooney, Justin"]
[Black "Pouteau, Pascal"]
[Result "1-0"]
[WhiteElo "1635"]
[BlackElo "1454"]
[PlyCount "81"]

1. e4 c6 2. d4 d5 3. exd5 cxd5 4. Bd3 Nc6 5. Be3 Qb6 6. b3 Nxd4 7. c3 e5 8.
cxd4 e4 9. Bc2 Bb4+ 10. Nd2 Bc3 11. Rb1 Bxd4 12. Qe2 Nf6 13. Bxd4 Qxd4 14. Qe3
Qe5 15. Ne2 Ng4 16. Qf4 Qh5 17. Ng3 Qg6 18. O-O Be6 19. f3 Nf6 20. fxe4 Rc8 21.
Rbc1 O-O 22. Bb1 Nh5 23. Nxh5 Qxh5 24. exd5 Qxd5 25. Qe4 Qh5 26. Nf3 Bd5 27.
Qd3 Rcd8 28. Ng5 g6 29. Ne4 Qe5 30. Nf6+ Kh8 31. Qh3 Qd4+ 32. Kh1 h5 33. Rcd1
Bxg2+ 34. Kxg2 Qb2+ 35. Rf2 Qe5 36. Rxd8 Qg5+ 37. Kh1 Qc1+ 38. Rf1 Qc6+ 39. Be4
Qxe4+ 40. Nxe4 Rxd8 41. Rxf7 1-0

[Event "Tournoi Skype 027A"]
[Site "Skype"]
[Date "????.??.??"]
[Round "2.19"]
[White "Leyton Calderon, Jairo Oswaldo"]
[Black "Deville, Olivier"]
[Result "0-1"]
[WhiteElo "1555"]
[BlackElo "2023"]
[PlyCount "86"]

1. Nf3 Nf6 2. b3 d5 3. Bb2 Bg4 4. e3 e6 5. Be2 Bd6 6. O-O O-O 7. d4 c5 8. c4
cxd4 9. Nxd4 Bxe2 10. Qxe2 Nc6 11. Nd2 Rc8 12. Rac1 Qe7 13. Rfd1 Rfd8 14. cxd5
Nxd5 15. Ne4 Bxh2+ 16. Kf1 Bb8 17. Qh5 Nxd4 18. Bxd4 h6 19. Ke2 Rxc1 20. Rxc1
Nf4+ 21. exf4 Rxd4 22. Rc8+ Rd8 23. Qc5 Qxc5 24. Rxd8+ Qf8 25. Rxf8+ Kxf8 26.
Ke3 Ke7 27. g4 g6 28. Ng3 g5 29. Ne2 Bxf4+ 30. Nxf4 gxf4+ 31. Kxf4 Kf6 32. f3
e5+ 33. Ke4 Ke6 34. a3 a5 35. b4 a4 36. Ke3 f5 37. b5 fxg4 38. fxg4 Kd5 39. b6
e4 40. Ke2 Kd4 41. Kd2 e3+ 42. Ke1 Ke4 43. Ke2 Kf4 0-1

[Event "Tournoi Skype 027A"]
[Site "Skype"]
[Date "????.??.??"]
[Round "2.20"]
[White "Yardimci, Ertan"]
[Black "Diaz, Jose Garcia"]
[Result "1-0"]
[WhiteElo "1591"]
[BlackElo "1860"]
[PlyCount "69"]

1. d4 Nf6 2. Nf3 d5 3. c4 e6 4. Nc3 c6 5. Bg5 Be7 6. e3 O-O 7. Bd3 h6 8. Bh4
Nbd7 9. O-O Re8 10. Rc1 Qc7 11. Re1 dxc4 12. Bxc4 Nd5 13. Bxe7 Nxc3 14. Rxc3
Rxe7 15. Bd3 e5 16. dxe5 Nxe5 17. Nxe5 Qxe5 18. h3 Bf5 19. Qe2 Bxd3 20. Rxd3
Qe6 21. b3 Rae8 22. Red1 f5 23. Rd6 Qf7 24. Qd3 f4 25. Qc4 Qxc4 26. bxc4 fxe3
27. fxe3 Rxe3 28. Kf1 Rf8+ 29. Kg1 Ra3 30. R6d2 c5 31. Re1 Rf7 32. Re8+ Kh7 33.
Re5 b6 34. Re6 Rxa2 35. Rxa2 1-0

[Event "Tournoi Skype 027A"]
[Site "Skype"]
[Date "????.??.??"]
[Round "2.21"]
[White "Saponara, Jose Maria"]
[Black "Carballo, Jorge"]
[Result "1-0"]
[WhiteElo "1714"]
[BlackElo "1594"]
[PlyCount "73"]

1. d4 d5 2. Nf3 Nf6 3. c4 e6 4. e3 Be7 5. Bd3 O-O 6. O-O Nbd7 7. cxd5 exd5 8.
Nc3 Nb6 9. Re1 Re8 10. e4 dxe4 11. Nxe4 Bb4 12. Nxf6+ gxf6 13. Rxe8+ Qxe8 14.
a3 Bd6 15. Bh6 Bg4 16. h3 Be6 17. Qc2 Kh8 18. Bxh7 Nd5 19. Nh4 Ne7 20. Nf5 Nxf5
21. Bxf5 Bf8 22. Bf4 c6 23. Be4 Qd7 24. Qe2 f5 25. Qh5+ Kg8 26. Bc2 Qxd4 27.
Qg5+ Qg7 28. Qh4 Qxb2 29. Re1 Qh8 30. Qg3+ Qg7 31. Qd3 Qf6 32. Re3 Rd8 33. Qe2
Qd4 34. Rg3+ Bg7 35. Bh6 Kh7 36. Bxg7 Qd2 37. Qh5+ 1-0

[Event "Tournoi Skype 027A"]
[Site "Skype"]
[Date "????.??.??"]
[Round "2.22"]
[White "Segura Lozano, Marcos Antonio"]
[Black "Vello, Pablo"]
[Result "1-0"]
[WhiteElo "1808"]
[BlackElo "1527"]
[PlyCount "65"]

1. c4 Nf6 2. Nc3 e6 3. g3 d5 4. cxd5 Nxd5 5. Bg2 Nxc3 6. bxc3 Be7 7. Nf3 Bf6 8.
O-O Nc6 9. Ba3 Bd7 10. Qc2 Ne5 11. Nxe5 Bxe5 12. Bxb7 Rb8 13. Rab1 Bf6 14. Be4
g6 15. Rxb8 Qxb8 16. Rb1 Qd8 17. Rb7 Be7 18. Qb3 O-O 19. Rxa7 Bxa3 20. Qxa3 Re8
21. Ra8 Bc8 22. Bc6 Rf8 23. d4 Qf6 24. Bd7 Qf5 25. Rxc8 Qb1+ 26. Kg2 Qe4+ 27.
Kh3 Rxc8 28. Bxc8 f5 29. Qa6 Qg4+ 30. Kg2 Qe4+ 31. f3 Qe3 32. Bxe6+ Kg7 33. Bc4
1-0